MDQL
is popping MORE tags! Check the
thread
!
Quizzes
Events
Quiz Creation
Community
Videos
Private Events
Remove Ads
Sign In
Join for FREE
Feedback
Dark Mode
Quiz Categories
Sports
Geography
Music
Movies
Television
Just For Fun
Miscellaneous
History
Literature
Language
Science
Gaming
Entertainment
Religion
Holiday
For Kids
Quiz Lab
Recent
Popular Today
Quiz Kudos Today
Editor Picks
Curator Picks
Quizzes by...
Day
Popularity
Type
Ratings
Length
Year
Community
Subscriptions
Recent Discussions
Orange Saloon
Badges
Playlists
Quests
Create
Leaderboards
Showdown
Live 5
Trivia Bingo
Activity
Puzzle Library
Sporcle Events
Private Events
Virtual Trivia
Globe League
Become a Host
Pub Owners
SporcleCon
Opinionation
Our Games
Videos
Blog
Mobile Apps
Partnerships
Remove Ads and Go Orange
Feedback
Sports
Athletes
MLB
NBA
NHL
NFL
Soccer
Sports Teams
WWE
NCAA
Football
Premier League
Basketball
Baseball
Hockey
Golf
Tennis
Cricket
Rugby
Auto Racing
Olympics
World Cup
Sports
Athletes
MLB
NBA
NHL
NFL
Soccer
Sports Teams
WWE
NCAA
Football
Premier League
Basketball
Baseball
Hockey
Golf
Tennis
Cricket
Rugby
Auto Racing
Olympics
World Cup
Random Quiz
Search Sporcle
×
Quiz Lab
Quiz Lab
Sports
Rugby
Type in answers that appear in a list
Type in answers that appear in a list
Classic
Best Score? Go Orange.
Wales Rugby Union World Cup 2011 Training Squad Stats
Can you name the Wales Rugby Union World Cup 2011 Training Squad?
By
tigersrule
6m
39 Questions
639 Plays
639 Plays
639 Plays
Comments
Comments
Give Quiz Kudos
Give Quiz Kudos
-
- Ratings
hide this ad
Replay
Link that replays current quiz
Next Quiz
Link to next quiz in quiz playlist
You Got
0%
They Got
Avg Score
73%
Avg Friend Score
Upgrade to see
Score Distribution
Jump to the score distribution portion of the page
Score
0/39
Timer
06:00
0
Plays Today
Player
% Correct
Adam Jones
97%
Alun Wyn Jones
96.1%
Stephen Jones
95.9%
Shane Williams
94.8%
Ryan Jones
94.5%
Scott Williams
93.7%
Lloyd Williams
93.6%
Martyn Williams
92.6%
Jonathan Davies
90%
Gethin Jenkins
89.4%
Bradley Davies
88.7%
Mike Phillips
87.5%
Sam Warburton
86.9%
Jamie Roberts
85.1%
James Hook
83.7%
George North
83.7%
Toby Faletau
83.4%
Leigh Halfpenny
82.5%
Lee Byrne
81.4%
Rhys Priestland
77.9%
Player
% Correct
Danny Lydiate
76.2%
Matthew Rees
73.1%
Ken Owens
69.6%
Paul James
69.2%
Luke Charteris
68.9%
Gavin Henson
64.6%
Andy Powell
63.4%
Huw Bennett
62.1%
Justin Tipuric
61.8%
Aled Brew
61.8%
Gareth Delve
59%
Jonathan Thomas
57%
Tavis Knoyle
51.2%
Craig Mitchell
44.3%
Ryan Bevington
44.1%
Scott Andrews
42.1%
Lloyd Burns
41.9%
Morgan Stoddart
40.2%
Josh Turnbull
28%
Quiz Playlist
Details
Report
Send in Message
Add To Playlist
Classic:
Type in answers that appear in a list
Last Updated: Feb 16, 2017
Quiz Scoreboard
CHALLENGE
Sign Up to Join the Scoreboard
Show All
Scores
Hide
Comments
May contain spoilers
Recently Published
Image Sorting: Flags VI
by Barbecue
Geography
2m
Find the 'City' Movie
by crazypaving
Movies
60s
Colored Red Africa Blitz
by spor1
Geography
45s
More to Explore
Quiz From the Vault
Featured Blog Post
14 Easter Pick-up Lines to Find Eggs With
hide this ad
You Might Also Like...
Tags
Rugby Quiz
World Cup Quiz
2011
Player
Rugby Union
Squad
Squad Members
team
union
Union Squad
Union Team
Wales
Welsh
Today's Top Quizzes in Sports
Browse Sports
hide this ad
Today's Top Quizzes in Rugby
Browse Rugby
Top Contributed Quizzes in Sports
1
Les meilleurs buteurs des matchs entre le PSG et l’OM
2
Les entraîneurs de l'OM et du PSG au 21e siècle
3
Les joueurs passés par le PSG et l'OM
4
2022 World Cup Stars
5
Players with Multiple 50 Home Run Seasons
6
Criteria MLB: Left Handed Sluggers
7
Les joueurs passés par le LOSC et le RC Lens
8
NBA Logic Puzzle 2.0
9
MLB Players with Two .350 Batting Average Seasons
10
FIFA Club World Cup Champions
Explore More
Trending Topics
Disney
Crossword
Kpop
Harry Potter
Anime
NBA
Marvel
Puzzle
NFL
Soccer
WWE
The Office
Country
Song
Pokémon
hide this ad
More By:
tigersrule
Quiz
Plays
Rating
Category
Featured
Created
Wales Rugby Union World Cup 2011 Training Squad
639
3.00
Sports
Aug 3, 2011
Ireland Rugby Union World Cup 2011 Training Squad
300
Sports
Jul 31, 2011
Pacific Islanders in the English Rugby Union Premiership '11
155
5.00
Sports
Aug 3, 2011
Avoir - Past Present Future
55
Language
Aug 7, 2011
Etre - Past Present Future
54
Language
Aug 7, 2011
Go to Creator's Profile
Score Distribution
Quiz Creator Spotlight
tigersrule
Follow
Send a Message
Quizzes Created
-
Created Quiz Play Count
-
More By This Creator
Popular Quizzes Today
1
Colored Red Africa Blitz
2
Find the US States - No Outlines Minefield
3
Find the 'City' Movie
4
5x2 Blitz: Bands
5
The Countries of the World
6
Find the US States
7
Find the Countries of Europe - No Outlines Minefield
8
US States
More Sports Quizzes
10 questions about... the Boston Red Sox
Curator's Pick
Trending Quizzes
Colored Red Europe Blitz I
Colored Red Europe Blitz II
Colored Red Africa Blitz II
Colored Red Europe Blitz III
Colored Red Africa Blitz III
Recently Updated
How Do You Spell That?
pecheneg
Godzilla Movies
pecheneg
Grab Bag: 4-10 Letters
pecheneg
2024 March Madness Bracket
pecheneg
Famous TV Couples
Peacemaker
Champions League XIs: Real Madrid
pecheneg
Largest US Cities 1790-2010
pecheneg
Rides in Walt Disney World
pecheneg
Most Oscar Losses (Acting)
pecheneg
Beyoncé Albums
pecheneg
Trending Topics
NBA
Crossword
Kpop
Anime
Disney
Harry Potter
Marvel
WWE
Soccer
Song
Pokémon
Country
NFL
The Office
Puzzle
Your Account Isn't Verified!
In order to create a playlist on Sporcle, you need to verify the email address you used during registration. Go to your
Sporcle Settings
to finish the process.
Report this User
Report this user for behavior that violates our
Community Guidelines
.
Details:
Send Report
Go to the Sporcle.com Mobile Site →
Comments